Geography #7-Countries by Landform - Statistics

General Stats
  • This quiz has been taken 81 times
  • The average score is 11 of 15
Answer Stats
Landform Country % Correct
Kilimanjaro Tanzania
99%
Hokkaido Japan
96%
Jutland Peninsula Denmark
94%
Baffin Island Canada
92%
Krakatoa Indonesia
89%
Great Victorian Desert Australia
88%
Kamchatka Peninsula Russia
88%
Anatolian Plateau Turkey
88%
Apennine Mountains Italy
85%
Ben Nevis United Kingdom
76%
Rub Al Khali Saudi Arabia
71%
Mauna Kea United States
68%
Taklamakan Desert China
64%
Ahaggar Mountains Algeria
21%
Tibesti Mountains Chad
17%
No matching quizzes found
Score Distribution
Percent of People with Each Score
Percentile by Number Answered
Your Score History
You have not taken this quiz